[Event "European Chess Club Cup 2023"]
[Site "Durres, Albania"]
[Date "2023.10.03"]
[Round "3.20"]
[White "Yilmaz, Mustafa"]
[Black "Martirosyan, Haik M."]
[Result "0-1"]
[TimeControl "90' + 30' & 30\""]
[WhiteElo "2640"]
[BlackElo "2696"]

1. Nf3 {[%clk 01:30:57]} {[%emt 00:00:02]} d5 {[%clk 01:30:41]} {[%emt
00:00:20]} 2. d4 {[%clk 01:31:19]} {[%emt 00:00:08]} Nf6 {[%clk 01:30:55]}
{[%emt 00:00:16]} 3. c4 {[%clk 01:31:43]} {[%emt 00:00:06]} e6 {[%clk
01:31:08]} {[%emt 00:00:17]} 4. Nc3 {[%clk 01:32:07]} {[%emt 00:00:05]} Nbd7
{[%clk 01:31:26]} {[%emt 00:00:13]} 5. cxd5 {[%clk 01:32:05]} {[%emt 00:00:33]}
exd5 {[%clk 01:31:45]} {[%emt 00:00:10]} 6. Bg5 {[%clk 01:32:30]} {[%emt
00:00:05]} c6 {[%clk 01:32:06]} {[%emt 00:00:08]} 7. Qc2 {[%clk 01:32:35]}
{[%emt 00:00:26]} Be7 {[%clk 01:32:28]} {[%emt 00:00:08]} 8. e3 {[%clk
01:32:52]} {[%emt 00:00:13]} h6 {[%clk 01:32:48]} {[%emt 00:00:10]} 9. Bh4
{[%clk 01:33:09]} {[%emt 00:00:13]} O-O {[%clk 01:33:09]} {[%emt 00:00:09]} 10.
Bd3 {[%clk 01:32:58]} {[%emt 00:00:41]} Re8 {[%clk 01:33:32]} {[%emt 00:00:08]}
11. O-O {[%clk 01:32:27]} {[%emt 00:01:01]} Ne4 {[%clk 01:33:42]} {[%emt
00:00:19]} 12. Bxe4 {[%clk 01:32:11]} {[%emt 00:00:46]} Bxh4 {[%clk 01:34:05]}
{[%emt 00:00:07]} 13. Bh7+ {[%clk 01:32:34]} {[%emt 00:00:07]} Kf8 {[%clk
01:34:23]} {[%emt 00:00:12]} 14. Nxh4 {[%clk 01:31:54]} {[%emt 00:01:10]} Qxh4
{[%clk 01:34:43]} {[%emt 00:00:10]} 15. Bd3 {[%clk 01:32:19]} {[%emt 00:00:05]}
Qe7 {[%clk 01:35:05]} {[%emt 00:00:08]} 16. Rfe1 {[%clk 01:31:44]} {[%emt
00:01:05]} Nf6 {[%clk 01:35:06]} {[%emt 00:00:29]} 17. f3 {[%clk 01:30:22]}
{[%emt 00:01:51]} Be6 {[%clk 01:35:12]} {[%emt 00:00:24]} 18. Rad1 {[%clk
01:27:37]} {[%emt 00:03:15]} Rad8 {[%clk 01:34:30]} {[%emt 00:01:13]} 19. Qa4
{[%clk 01:21:47]} {[%emt 00:06:20]} a6 {[%clk 01:30:58]} {[%emt 00:04:02]} 20.
Qc2 {[%clk 01:22:11]} {[%emt 00:00:06]} Bc8 {[%clk 01:20:15]} {[%emt 00:11:13]}
21. Bf1 {[%clk 01:15:32]} {[%emt 00:07:09]} g6 {[%clk 01:16:20]} {[%emt
00:04:24]} 22. Qf2 {[%clk 01:09:05]} {[%emt 00:06:58]} Kg7 {[%clk 01:09:30]}
{[%emt 00:07:20]} 23. Bd3 {[%clk 00:59:06]} {[%emt 00:10:29]} Qd6 {[%clk
00:56:44]} {[%emt 00:13:16]} 24. Bc2 {[%clk 00:53:47]} {[%emt 00:05:49]} Re7
{[%clk 00:54:47]} {[%emt 00:02:27]} 25. h3 {[%clk 00:50:38]} {[%emt 00:03:39]}
Nh5 {[%clk 00:51:34]} {[%emt 00:03:43]} 26. g4 {[%clk 00:43:06]} {[%emt
00:08:02]} Nf6 {[%clk 00:51:48]} {[%emt 00:00:16]} 27. e4 {[%clk 00:43:02]}
{[%emt 00:00:34]} dxe4 {[%clk 00:51:10]} {[%emt 00:01:08]} 28. fxe4 {[%clk
00:43:28]} {[%emt 00:00:04]} Nh7 {[%clk 00:50:50]} {[%emt 00:00:51]} 29. e5
{[%clk 00:38:30]} {[%emt 00:05:27]} Qb4 {[%clk 00:49:32]} {[%emt 00:01:48]} 30.
d5 {[%clk 00:30:44]} {[%emt 00:08:16]} Qxb2 {[%clk 00:46:07]} {[%emt 00:03:55]}
31. d6 {[%clk 00:24:41]} {[%emt 00:06:32]} Ree8 {[%clk 00:45:22]} {[%emt
00:01:16]} 32. Na4 {[%clk 00:18:15]} {[%emt 00:06:56]} Qxa2 {[%clk 00:41:06]}
{[%emt 00:04:46]} 33. Ra1 {[%clk 00:17:53]} {[%emt 00:00:53]} Qc4 {[%clk
00:40:57]} {[%emt 00:00:38]} 34. Nb6 {[%clk 00:07:21]} {[%emt 00:11:02]} Qc3
{[%clk 00:39:22]} {[%emt 00:02:06]} 35. Nxc8 {[%clk 00:05:40]} {[%emt
00:02:10]} Rxe5 {[%clk 00:39:29]} {[%emt 00:00:23]} 36. Rxe5 {[%clk 00:01:57]}
Qxe5 {[%clk 00:36:31]} {[%emt 00:07:41]} 37. Re1 {[%clk 00:01:56]} {[%emt
00:00:31]} Qf6 {[%clk 00:23:44]} {[%emt 00:13:17]} 38. Qxf6+ {[%clk 00:02:05]}
{[%emt 00:00:21]} Kxf6 {[%clk 00:24:06]} {[%emt 00:00:09]} 39. Nb6 {[%clk
00:01:36]} {[%emt 00:00:58]} Rxd6 {[%clk 00:24:25]} {[%emt 00:00:11]} 40. Be4
{[%clk 00:00:33]} {[%emt 00:01:33]} Ng5 {[%clk 00:18:48]} {[%emt 00:06:08]} 41.
Bg2 {[%clk 00:01:01]} {[%emt 00:00:01]} Rd4 {[%clk 00:16:25]} {[%emt 00:02:52]}
42. Rb1 {[%clk 00:28:02]} {[%emt 00:03:29]} Ne6 {[%clk 00:44:43]} {[%emt
00:02:12]} 43. Bf1 {[%clk 00:23:41]} {[%emt 00:04:53]} Ke7 {[%clk 00:40:28]}
{[%emt 00:04:45]} 44. Kf2 {[%clk 00:22:39]} {[%emt 00:01:31]} Rd2+ {[%clk
00:38:06]} {[%emt 00:02:52]} 45. Ke3 {[%clk 00:21:14]} {[%emt 00:01:56]} Ra2
{[%clk 00:37:30]} {[%emt 00:01:04]} 46. Nc8+ {[%clk 00:15:53]} {[%emt
00:05:52]} Kd7 {[%clk 00:37:20]} {[%emt 00:00:40]} 47. Rxb7+ {[%clk 00:15:48]}
{[%emt 00:00:35]} Kxc8 {[%clk 00:37:40]} {[%emt 00:00:11]} 48. Rxf7 {[%clk
00:16:14]} {[%emt 00:00:03]} Ra3+ {[%clk 00:37:33]} {[%emt 00:00:37]} 49. Kd2
{[%clk 00:13:43]} {[%emt 00:03:01]} Nc5 {[%clk 00:33:51]} {[%emt 00:04:12]} 50.
Rh7 {[%clk 00:11:21]} {[%emt 00:02:53]} g5 {[%clk 00:30:19]} {[%emt 00:04:01]}
51. Rxh6 {[%clk 00:11:18]} {[%emt 00:00:33]} Kc7 {[%clk 00:30:43]} {[%emt
00:00:07]} 52. h4 {[%clk 00:06:47]} {[%emt 00:05:01]} gxh4 {[%clk 00:30:29]}
{[%emt 00:00:43]} 53. Rxh4 {[%clk 00:07:15]} {[%emt 00:00:02]} Rg3 {[%clk
00:30:37]} {[%emt 00:00:21]} 54. Rh7+ {[%clk 00:06:05]} {[%emt 00:01:40]} Kb6
{[%clk 00:30:47]} {[%emt 00:00:21]} 55. Rg7 {[%clk 00:06:01]} {[%emt 00:00:34]}
a5 {[%clk 00:30:53]} {[%emt 00:00:24]} 56. Kc2 {[%clk 00:03:05]} {[%emt
00:03:25]} a4 {[%clk 00:30:31]} {[%emt 00:00:53]} 57. Rg8 {[%clk 00:03:34]}
{[%emt 00:00:02]} Ne6 {[%clk 00:25:36]} {[%emt 00:05:25]} 58. Bc4 {[%clk
00:00:49]} {[%emt 00:03:14]} Nd4+ {[%clk 00:25:48]} {[%emt 00:00:17]} 59. Kb2
{[%clk 00:00:35]} {[%emt 00:00:45]} Kc5 {[%clk 00:26:11]} {[%emt 00:00:06]} 60.
Bf7 {[%clk 00:00:35]} {[%emt 00:00:31]} Rf3 {[%clk 00:25:44]} {[%emt 00:00:57]}
61. Rg7 {[%clk 00:00:37]} {[%emt 00:00:28]} Kb4 {[%clk 00:24:08]} {[%emt
00:02:06]} 62. Bg8 {[%clk 00:00:51]} {[%emt 00:00:16]} Rf2+ {[%clk 00:22:16]}
{[%emt 00:02:23]} 63. Kc1 {[%clk 00:00:50]} {[%emt 00:00:30]} Kc3 {[%clk
00:22:20]} {[%emt 00:00:26]} 64. Rf7 {[%clk 00:00:53]} {[%emt 00:00:27]} Nb3+
{[%clk 00:22:30]} {[%emt 00:00:19]} 65. Kd1 {[%clk 00:01:19]} {[%emt 00:00:05]}
Rxf7 {[%clk 00:22:44]} {[%emt 00:00:16]} 66. Bxf7 {[%clk 00:01:45]} {[%emt
00:00:04]} a3 {[%clk 00:23:03]} {[%emt 00:00:12]} 0-1

[Event "European Chess Club Cup 2023"]
[Site "Durres, Albania"]
[Date "2023.10.03"]
[Round "3.21"]
[White "Moussard, Jules"]
[Black "Can, Emre"]
[Result "1/2-1/2"]
[TimeControl "90' + 30' & 30\""]
[WhiteElo "2642"]
[BlackElo "2576"]

1. e4 {[%clk 01:30:57]} {[%emt 00:00:02]} c5 {[%clk 01:30:45]} {[%emt
00:00:16]} 2. Nf3 {[%clk 01:31:20]} {[%emt 00:00:06]} d6 {[%clk 01:30:55]}
{[%emt 00:00:21]} 3. d4 {[%clk 01:31:44]} {[%emt 00:00:05]} cxd4 {[%clk
01:31:19]} {[%emt 00:00:07]} 4. Nxd4 {[%clk 01:32:09]} {[%emt 00:00:05]} Nf6
{[%clk 01:31:30]} {[%emt 00:00:18]} 5. Nc3 {[%clk 01:32:33]} {[%emt 00:00:06]}
a6 {[%clk 01:31:48]} {[%emt 00:00:13]} 6. Be3 {[%clk 01:32:55]} {[%emt
00:00:08]} e5 {[%clk 01:30:54]} {[%emt 00:01:24]} 7. Nb3 {[%clk 01:33:17]}
{[%emt 00:00:08]} Be7 {[%clk 01:31:07]} {[%emt 00:00:17]} 8. f3 {[%clk
01:33:14]} {[%emt 00:00:32]} Be6 {[%clk 01:30:49]} {[%emt 00:00:48]} 9. Qd2
{[%clk 01:33:30]} {[%emt 00:00:14]} h5 {[%clk 01:28:59]} {[%emt 00:02:20]} 10.
O-O-O {[%clk 01:33:19]} {[%emt 00:00:41]} Nbd7 {[%clk 01:28:16]} {[%emt
00:01:14]} 11. Kb1 {[%clk 01:33:29]} {[%emt 00:00:19]} Rc8 {[%clk 01:24:14]}
{[%emt 00:04:32]} 12. Bd3 {[%clk 01:33:10]} {[%emt 00:00:49]} b5 {[%clk
01:24:28]} {[%emt 00:00:17]} 13. h3 {[%clk 01:33:21]} {[%emt 00:00:19]} h4
{[%clk 01:24:34]} {[%emt 00:00:23]} 14. f4 {[%clk 01:33:28]} {[%emt 00:00:23]}
Qc7 {[%clk 01:19:41]} {[%emt 00:05:23]} 15. Rhe1 {[%clk 01:33:10]} {[%emt
00:00:48]} O-O {[%clk 01:19:22]} {[%emt 00:00:50]} 16. g4 {[%clk 01:33:25]}
{[%emt 00:00:14]} exf4 {[%clk 01:15:56]} {[%emt 00:03:56]} 17. Bxf4 {[%clk
01:32:14]} {[%emt 00:01:42]} Ne5 {[%clk 01:15:21]} {[%emt 00:01:04]} 18. Nd4
{[%clk 01:00:33]} {[%emt 00:32:10]} Rfe8 {[%clk 01:14:09]} {[%emt 00:01:43]} 19.
Qg2 {[%clk 00:49:29]} {[%emt 00:11:34]} Bf8 {[%clk 00:59:49]} {[%emt 00:14:50]}
20. Nxe6 {[%clk 00:35:02]} {[%emt 00:14:57]} Rxe6 {[%clk 00:57:22]} {[%emt
00:02:57]} 21. Bxe5 {[%clk 00:28:55]} {[%emt 00:06:37]} dxe5 {[%clk 00:49:50]}
{[%emt 00:08:02]} 22. Nd5 {[%clk 00:27:40]} {[%emt 00:01:45]} Qc5 {[%clk
00:35:13]} {[%emt 00:15:07]} 23. Rf1 {[%clk 00:21:14]} {[%emt 00:06:56]} Be7
{[%clk 00:35:36]} {[%emt 00:00:07]} 24. c3 {[%clk 00:20:38]} {[%emt 00:01:06]}
g6 {[%clk 00:31:12]} {[%emt 00:04:54]} 25. Bc2 {[%clk 00:18:34]} {[%emt
00:02:35]} Nxd5 {[%clk 00:30:24]} {[%emt 00:01:18]} 26. Rxd5 {[%clk 00:17:03]}
{[%emt 00:02:00]} Qc7 {[%clk 00:30:46]} {[%emt 00:00:08]} 27. Bb3 {[%clk
00:16:21]} {[%emt 00:01:12]} Bg5 {[%clk 00:25:53]} {[%emt 00:05:23]} 28. Rfd1
{[%clk 00:15:48]} {[%emt 00:01:04]} Rf6 {[%clk 00:24:12]} {[%emt 00:02:11]} 29.
Rd7 {[%clk 00:14:54]} {[%emt 00:01:23]} Qb6 {[%clk 00:23:25]} {[%emt 00:01:17]}
30. a3 {[%clk 00:11:59]} {[%emt 00:03:26]} Rc7 {[%clk 00:23:00]} {[%emt
00:00:55]} 31. Rxc7 {[%clk 00:08:10]} {[%emt 00:04:19]} Qxc7 {[%clk 00:23:20]}
{[%emt 00:00:10]} 32. Rf1 {[%clk 00:08:24]} {[%emt 00:00:15]} Qb6 {[%clk
00:20:40]} {[%emt 00:03:10]} 33. Rxf6 {[%clk 00:06:43]} Qxf6 {[%clk 00:20:40]}
34. Qe2 {[%clk 00:06:14]} {[%emt 00:03:17]} Qd6 {[%clk 00:20:16]} {[%emt
00:01:17]} 35. Bd5 {[%clk 00:06:39]} {[%emt 00:00:06]} Qb6 {[%clk 00:17:54]}
{[%emt 00:02:51]} 36. Ka2 {[%clk 00:05:49]} {[%emt 00:01:20]} Kf8 {[%clk
00:17:23]} {[%emt 00:01:00]} 37. Qf1 {[%clk 00:03:55]} {[%emt 00:02:24]} Bf4
{[%clk 00:14:40]} {[%emt 00:03:14]} 38. Qe1 {[%clk 00:04:21]} {[%emt 00:00:04]}
Bg5 {[%clk 00:11:44]} {[%emt 00:03:27]} 39. Qf1 {[%clk 00:03:27]} {[%emt
00:01:23]} Bf4 {[%clk 00:12:00]} {[%emt 00:00:14]} 40. Qe1 {[%clk 00:03:42]}
{[%emt 00:00:15]} Bg5 {[%clk 00:08:27]} {[%emt 00:04:03]} 1/2-1/2

[Event "European Chess Club Cup 2023"]
[Site "Durres, Albania"]
[Date "2023.10.03"]
[Round "3.22"]
[White "Gokerkan, Cem Kaan"]
[Black "Oparin, Grigoriy"]
[Result "1/2-1/2"]
[TimeControl "90' + 30' & 30\""]
[WhiteElo "2515"]
[BlackElo "2681"]

1. e4 {[%clk 01:30:44]} {[%emt 00:00:15]} c5 {[%clk 01:30:55]} {[%emt
00:00:05]} 2. Nf3 {[%clk 01:31:00]} {[%emt 00:00:15]} Nc6 {[%clk 01:31:21]}
{[%emt 00:00:05]} 3. d4 {[%clk 01:21:13]} {[%emt 00:10:17]} cxd4 {[%clk
01:31:44]} {[%emt 00:00:05]} 4. Nxd4 {[%clk 01:21:41]} {[%emt 00:00:03]} Nf6
{[%clk 01:32:08]} {[%emt 00:00:06]} 5. Nc3 {[%clk 01:22:08]} {[%emt 00:00:03]}
e5 {[%clk 01:32:32]} {[%emt 00:00:06]} 6. Ndb5 {[%clk 01:22:26]} {[%emt
00:00:13]} d6 {[%clk 01:32:55]} {[%emt 00:00:06]} 7. Bg5 {[%clk 01:22:36]}
{[%emt 00:00:20]} a6 {[%clk 01:33:16]} {[%emt 00:00:09]} 8. Na3 {[%clk
01:22:08]} {[%emt 00:00:58]} b5 {[%clk 01:33:37]} {[%emt 00:00:09]} 9. Nd5
{[%clk 01:22:34]} {[%emt 00:00:05]} Be7 {[%clk 01:33:58]} {[%emt 00:00:09]} 10.
Bxf6 {[%clk 01:22:25]} {[%emt 00:00:39]} Bxf6 {[%clk 01:34:22]} {[%emt
00:00:06]} 11. c4 {[%clk 01:19:44]} {[%emt 00:03:11]} b4 {[%clk 01:34:46]}
{[%emt 00:00:06]} 12. Nc2 {[%clk 01:20:10]} {[%emt 00:00:04]} a5 {[%clk
01:35:03]} {[%emt 00:00:12]} 13. g3 {[%clk 01:17:34]} {[%emt 00:03:06]} O-O
{[%clk 01:34:03]} {[%emt 00:01:30]} 14. h4 {[%clk 01:11:57]} {[%emt 00:06:06]}
Be6 {[%clk 01:30:57]} {[%emt 00:03:36]} 15. Bh3 {[%clk 01:10:06]} {[%emt
00:02:21]} a4 {[%clk 01:30:16]} {[%emt 00:01:12]} 16. b3 {[%clk 01:07:30]}
{[%emt 00:03:06]} g6 {[%clk 01:16:59]} {[%emt 00:13:47]} 17. Kf1 {[%clk
01:02:59]} {[%emt 00:05:02]} Bg7 {[%clk 01:14:00]} {[%emt 00:03:28]} 18. Kg2
{[%clk 01:02:19]} {[%emt 00:01:10]} h5 {[%clk 00:43:17]} {[%emt 00:31:13]} 19.
Ndxb4 {[%clk 00:47:13]} {[%emt 00:15:36]} axb3 {[%clk 00:31:59]} {[%emt
00:11:48]} 20. axb3 {[%clk 00:47:19]} {[%emt 00:00:23]} Rxa1 {[%clk 00:32:26]}
{[%emt 00:00:04]} 21. Qxa1 {[%clk 00:47:42]} {[%emt 00:00:07]} Nxb4 {[%clk
00:32:53]} {[%emt 00:00:03]} 22. Nxb4 {[%clk 00:48:08]} {[%emt 00:00:03]} Qb6
{[%clk 00:33:20]} {[%emt 00:00:04]} 23. Qc3 {[%clk 00:43:01]} {[%emt 00:05:37]}
Rb8 {[%clk 00:32:48]} {[%emt 00:01:02]} 24. Nd5 {[%clk 00:43:10]} {[%emt
00:00:21]} Bxd5 {[%clk 00:31:11]} {[%emt 00:02:07]} 25. cxd5 {[%clk 00:43:34]}
{[%emt 00:00:06]} Qxb3 {[%clk 00:31:35]} {[%emt 00:00:06]} 26. Qxb3 {[%clk
00:44:00]} {[%emt 00:00:04]} Rxb3 {[%clk 00:32:00]} {[%emt 00:00:06]} 27. Rc1
{[%clk 00:44:13]} {[%emt 00:00:16]} Rb4 {[%clk 00:32:17]} {[%emt 00:00:13]} 28.
Kf3 {[%clk 00:44:36]} {[%emt 00:00:08]} Rb3+ {[%clk 00:32:44]} {[%emt
00:00:02]} 29. Kg2 {[%clk 00:45:02]} {[%emt 00:00:04]} Rb4 {[%clk 00:33:11]}
{[%emt 00:00:03]} 30. Kf3 {[%clk 00:45:30]} {[%emt 00:00:03]} Rb3+ {[%clk
00:33:01]} {[%emt 00:00:03]} 1/2-1/2

[Event "European Chess Club Cup 2023"]
[Site "Durres, Albania"]
[Date "2023.10.03"]
[Round "3.23"]
[White "Movsesian, Sergei"]
[Black "Kilic, Eray"]
[Result "1-0"]
[TimeControl "90' + 30' & 30\""]
[WhiteElo "2606"]
[BlackElo "2432"]

1. e4 {[%clk 01:30:56]} {[%emt 00:00:03]} c5 {[%clk 01:30:56]} {[%emt
00:00:05]} 2. Nf3 {[%clk 01:31:13]} {[%emt 00:00:12]} d6 {[%clk 01:31:22]}
{[%emt 00:00:05]} 3. d4 {[%clk 01:31:27]} {[%emt 00:00:15]} cxd4 {[%clk
01:31:47]} {[%emt 00:00:05]} 4. Nxd4 {[%clk 01:31:54]} {[%emt 00:00:03]} Nf6
{[%clk 01:32:13]} {[%emt 00:00:05]} 5. Nc3 {[%clk 01:32:18]} {[%emt 00:00:06]}
a6 {[%clk 01:32:40]} {[%emt 00:00:03]} 6. h3 {[%clk 01:32:15]} {[%emt
00:00:32]} e5 {[%clk 01:33:06]} {[%emt 00:00:05]} 7. Nf3 {[%clk 01:32:34]}
{[%emt 00:00:10]} Be7 {[%clk 01:20:53]} {[%emt 00:12:44]} 8. Bc4 {[%clk
01:29:56]} {[%emt 00:03:07]} O-O {[%clk 01:20:40]} {[%emt 00:00:43]} 9. O-O
{[%clk 01:29:50]} {[%emt 00:00:36]} Be6 {[%clk 01:20:56]} {[%emt 00:00:15]} 10.
Bb3 {[%clk 01:28:18]} {[%emt 00:02:01]} h6 {[%clk 01:19:52]} {[%emt 00:01:34]}
11. Be3 {[%clk 01:18:05]} {[%emt 00:10:43]} Nbd7 {[%clk 01:14:25]} {[%emt
00:05:57]} 12. Nh4 {[%clk 01:14:34]} {[%emt 00:04:00]} Kh7 {[%clk 01:05:00]}
{[%emt 00:09:56]} 13. Nf5 {[%clk 01:09:10]} {[%emt 00:05:54]} Nxe4 {[%clk
01:04:55]} {[%emt 00:00:36]} 14. Qg4 {[%clk 00:36:39]} {[%emt 00:32:59]} Ng5
{[%clk 01:00:00]} {[%emt 00:05:26]} 15. Bxg5 {[%clk 00:37:01]} {[%emt
00:00:08]} hxg5 {[%clk 01:00:00]} {[%emt 00:00:31]} 16. Bxe6 {[%clk 00:31:20]}
{[%emt 00:06:10]} fxe6 {[%clk 01:00:26]} {[%emt 00:00:05]} 17. Ng3 {[%clk
00:29:16]} {[%emt 00:02:34]} Rf6 {[%clk 00:56:22]} {[%emt 00:04:33]} 18. Rad1
{[%clk 00:28:55]} {[%emt 00:00:51]} Rh6 {[%clk 00:45:47]} {[%emt 00:11:05]} 19.
Nce4 {[%clk 00:27:04]} {[%emt 00:02:21]} d5 {[%clk 00:43:07]} {[%emt 00:03:10]}
20. c4 {[%clk 00:24:29]} {[%emt 00:03:04]} d4 {[%clk 00:43:29]} {[%emt
00:00:10]} 21. Rd3 {[%clk 00:21:02]} {[%emt 00:03:56]} Nf8 {[%clk 00:43:19]}
{[%emt 00:00:40]} 22. Rb3 {[%clk 00:19:21]} {[%emt 00:02:10]} b6 {[%clk
00:42:43]} {[%emt 00:01:08]} 23. Re1 {[%clk 00:19:03]} {[%emt 00:00:46]} Rc8
{[%clk 00:38:23]} {[%emt 00:04:51]} 24. Nd2 {[%clk 00:18:39]} {[%emt 00:00:54]}
Rh4 {[%clk 00:38:49]} {[%emt 00:00:05]} 25. Qe2 {[%clk 00:17:50]} {[%emt
00:01:18]} Ng6 {[%clk 00:38:45]} {[%emt 00:00:34]} 26. Nf3 {[%clk 00:17:23]}
{[%emt 00:00:57]} Rh6 {[%clk 00:34:34]} {[%emt 00:04:41]} 27. Qe4 {[%clk
00:16:08]} {[%emt 00:01:44]} Bf6 {[%clk 00:34:24]} {[%emt 00:00:41]} 28. Nh2
{[%clk 00:11:53]} {[%emt 00:04:45]} Rxc4 {[%clk 00:29:42]} {[%emt 00:05:13]} 29.
Ng4 {[%clk 00:11:27]} {[%emt 00:00:55]} b5 {[%clk 00:25:08]} {[%emt 00:05:05]}
30. Rf3 {[%clk 00:07:39]} {[%emt 00:04:17]} Rh4 {[%clk 00:21:00]} {[%emt
00:04:38]} 31. Qd3 {[%clk 00:07:21]} {[%emt 00:00:48]} Rxg4 {[%clk 00:19:00]}
{[%emt 00:02:30]} 32. hxg4 {[%clk 00:07:48]} {[%emt 00:00:03]} Kh6 {[%clk
00:19:22]} {[%emt 00:00:08]} 33. Ne4 {[%clk 00:06:03]} {[%emt 00:02:15]} Nf4
{[%clk 00:19:13]} {[%emt 00:00:39]} 34. Rxf4 {[%clk 00:06:01]} {[%emt
00:00:33]} gxf4 {[%clk 00:19:41]} {[%emt 00:00:01]} 35. Qh3+ {[%clk 00:05:08]}
{[%emt 00:01:22]} Bh4 {[%clk 00:20:07]} {[%emt 00:00:05]} 36. g5+ {[%clk
00:04:34]} {[%emt 00:01:04]} Kh5 {[%clk 00:20:00]} {[%emt 00:00:38]} 37. g3
{[%clk 00:03:00]} {[%emt 00:02:01]} fxg3 {[%clk 00:20:26]} {[%emt 00:00:07]} 38.
fxg3 {[%clk 00:03:23]} {[%emt 00:00:06]} d3 {[%clk 00:20:52]} {[%emt 00:00:04]}
39. Qxh4+ {[%clk 00:03:31]} {[%emt 00:00:22]} Kg6 {[%clk 00:21:17]} {[%emt
00:00:05]} 40. g4 {[%clk 00:03:37]} {[%emt 00:00:25]} Qd4+ {[%clk 00:20:09]}
{[%emt 00:01:37]} 41. Kf1 {[%clk 00:19:41]} {[%emt 00:14:27]} Kf7 {[%clk
00:49:36]} {[%emt 00:01:03]} 42. g6+ {[%clk 00:20:02]} {[%emt 00:00:09]} Ke8
{[%clk 00:50:01]} {[%emt 00:00:05]} 43. Qh8+ {[%clk 00:19:24]} {[%emt
00:01:07]} Kd7 {[%clk 00:50:27]} {[%emt 00:00:05]} 44. Qxg7+ {[%clk 00:19:51]}
{[%emt 00:00:03]} Kc6 {[%clk 00:50:52]} {[%emt 00:00:04]} 45. Qh6 {[%clk
00:20:03]} {[%emt 00:00:18]} Rc2 {[%clk 00:50:28]} {[%emt 00:00:55]} 46. Qe3
{[%clk 00:16:10]} {[%emt 00:04:21]} Qd5 {[%clk 00:41:08]} {[%emt 00:09:52]} 47.
g7 {[%clk 00:14:12]} {[%emt 00:02:28]} d2 {[%clk 00:41:33]} {[%emt 00:00:04]}
48. Rd1 {[%clk 00:14:28]} {[%emt 00:00:14]} 1-0